00542nam a2200181Ia 450000500170000000800410001708200140005810000180007224500620009026000390015230000180019165000100020965000130021965000120023294200060024495200950025099900150034520240730044339.0240331s9999 xx 000 0 und d bRAJa6713 aRajasingham,K 0aAt The Crossroads :bA Critique on the Hindu Way of Life  aJaffnabUniversity of Jaffnac1993 avii, 161 p ., aCast  aReligion aSociety cL 001040708LaWERCLbWERCLcSSCd2024-03-31l0o 294 RAJp6713r2024-03-31w2024-03-31yL c5712d5712